Statistics for Countries Bordering Countries with Same Length in Characters

Click here to take the quiz!

General Stats

  • This quiz has been taken 47 times
  • The average score is 3 of 5

Answer Stats

# B# CCOUNTRY% Correct
17Denmark
89%
111South Korea
79%
25Nepal
63%
16Monaco
53%
27Moldova
26%

Score Distribution

Percentile by Number Answered

Percent of People with Each Score

Your Score History

You have not taken this quiz